| 000 | 00960nmc a2200313 a 4500 | ||
|---|---|---|---|
| 003 | AR-BaBNM | ||
| 005 | 20251128204208.0 | ||
| 008 | 125019s1992 ||||||||||||||000 | spa|| | ||
| 020 | _a950-25-2372-5 | ||
| 040 | _cAR-BaBNM | ||
| 100 | 1 | _aHurtado, Carlos | |
| 245 | 1 | 0 | _aLa educación popular en zonas rurales |
| 260 |
_aBuenos Aires _bCentro Editor de América Latina _c1992 |
||
| 300 | 0 | _a140 p. | |
| 490 | 0 |
_aBiblioteca política argentina _vv. 378 |
|
| 500 | 0 | _aEMER:ExPANSION Y MEJORAMIENTO DE LA EDUCACION RURAL | |
| 500 | 0 | _aEMETA:PROYECTO DE ExPANSION DE LA ENSENANZA TECNICO-AGROPECUARIO | |
| 650 | 4 | _aZONAS RURALES | |
| 650 | 4 | _aEDUCACION RURAL | |
| 650 | 4 | _aDEMANDA DE EDUCACION | |
| 650 | 4 | _aPROGRAMAS DE ALFABETIZACION | |
| 650 | 4 | _aEDUCACION Y DESARROLLO | |
| 650 | 4 | _aPOBLACION RURAL | |
| 653 | 0 | _aEDUCACION POPULAR | |
| 653 | 0 | _aENSENANZA AGRARIA | |
| 800 | 1 |
_aTroncoso, Oscar _edirector |
|
| 942 | _cBK | ||
| 998 | _cCarmen | ||
| 999 |
_c6549 _d6549 |
||